000 00883nam a2200265 4500
001 bimo0001962316
003 DO-SdBNP
005 20220603110051.0
008 040820s2004 sp | ||| ||spa
020 _a8467015357
040 _aBPMSU
_bspa
_cBPMSU
082 _aR290.03
_bD545r 2004
_222
245 1 0 _aDiccionario de religiones /
_cdirectoro Antonio Merodio Cogolludo : prólogo Enrique Miret Magdalena
260 _aBarcelona :
_b Espasa Calpe,
_c2004
300 _a686 p.:
_bil.;
_c23 cm
490 0 _aBiblioteca el mundo
_v29
534 _aTítulo original :
_tDictionary of beliefs and religions
590 _6Inventariado, 2022/VM
650 4 _aReligiones
_vDiccionarios
_2
650 4 _aReligiones
_xDiccionarios y enciclopedias.
700 1 _aMerodio Cogolludo, Antonio
700 1 _aMiret Magdalena, Enrique
_e prólogo
910 _aVMateo
942 _2ddc
_cBK
999 _c14217
_d14217